Hatásköri összeütközések tárgyában hozott határozatai : 1873-1903 /

Saved in:
நூற்பட்டியல் விவரங்கள்
தலைமை எழுத்தாளர்: Sánta, Elemér.
மற்ற எழுத்தாளர்கள்: Térfy, Gyula, 1864-1929.
வடிவம்: புத்தகம்
மொழி:Hungarian
வெளியீடப்பட்டது: Budapest : Grill K., 1903.
தொகுதி:M. Kir. Ministeriumnak.
பகுதிகள்:
குறியீடுகள்: குறிச்சொல் இணை
குறியீடுகள் இல்லை, இந்த குறிச்சொல்லை முதலில் பதிவு செய்யுங்கள்!
LEADER 00568nam a22001812 4500
001 008609502-1
005 20020606104010.5
008 010406s1903 hu 000|0 hun d
035 0 |a ocm77898411 
100 1 |a Sánta, Elemér. 
245 1 0 |a Hatásköri összeütközések tárgyában hozott határozatai :  |b 1873-1903 /  |c Sánta Elemér, Térfi Gyula. 
260 |a Budapest :  |b Grill K.,  |c 1903. 
300 |a 530 p. ;  |c 23 cm. 
490 0 |a M. Kir. Ministeriumnak. 
650 0 |a Administrative law  |z Hungary. 
700 1 |a Térfy, Gyula,  |d 1864-1929. 
988 |a 20020608 
906 |0 MH